LIBRARY & INFORMATION CENTRE, KCAET, TAVANUR

ONLINE PUBLIC ACCESS CATALOGUE (OPAC)

Schweitzer / (Record no. 5786)

MARC details
000 -LEADER
fixed length control field 00376cam a2200157ua 4500
041 ## - LANGUAGE CODE
Language code of text/sound track or separate title mal
082 ## - DEWEY DECIMAL CLASSIFICATION NUMBER
Classification number 923.6
Item number EMJ/SC
100 ## - MAIN ENTRY--AUTHOR NAME
Personal name E M J , Venniyoor .
245 ## - TITLE STATEMENT
Title Schweitzer /
260 ## - PUBLICATION, DISTRIBUTION, ETC. (IMPRINT)
Place of publication Kozhikode :
Name of publisher K R Brothers ,
Year of publication 1961.
300 ## - PHYSICAL DESCRIPTION
Number of Pages 354 ; .
942 ## - ADDED ENTRY ELEMENTS (KOHA)
Koha item type Books
Holdings
Withdrawn status Lost status Damaged status Home library Current library Date acquired Full call number Accession Number Koha item type
Withdrawn     KAUAET Malayalam University 07/04/2012 923.6 228 Books
Withdrawn     KAUAET Sanskrit University 07/04/2012 923.6 1246 Books
free website counter